00455nam a2200121Ia 450000500170000000800410001708200130005824500350007126000380010630000120014450001530015670000240030920241213054534.0240331s9999 xx 000 0 und d bNEWa823 4aThe new Lankan review :b30468 aColombobSam Printing Worksc1983 a68 p ., aThe Poetry and prose are selected from Lankan Anthology a series of original writing in English by Sri Lankans, Presented fortnightly on the SLBC. aWijesinha, R. eedt